Culture générale - Paris - Statistiques

Statistiques générales
  • Ce quiz a été pris 17 fois
  • Le résultat moyen est 4 sur 15
Statistiques - réponses
Indice Réponse % Correct
Selon la tradition, si ses pieds sont dans l'eau, alors la Seine est en crue. Le Zouave du pont de l'Alma
86%
Nom gallo-romain de Paris, ses arènes sont un lieu de rencontre favori des parisiens. Lutèce
71%
Que ce soit Chartier, Republique ou Julien, on y mange bien et bon marché ! Bouillon
57%
Station de métro, seule Paris est digne d'elle, et elle seule est digne de Paris. Rome
43%
On arrive à cette place depuis la rue de la Paix, coincé entre le Ritz et le sceau de la République française. Place Vendôme
36%
Station du métro 12 promouvant en bleu et blanc la déclaration des droits de l'homme et du citoyen. Concorde
29%
La rue de la Glacière témoigne encore de la deuxième rivière de Paris. La Bièvre
21%
À la fois un caveau et un théâtre, ce nom fait résonner le jazz et raisonner Ionesco. Huchette
14%
Muse d'artistes parisiens et elle même artiste, elle est parfois surnommée la Reine de Montparnasse. Kiki de Montparnasse
7%
Surplombées par les barrières de l'enfer et observées par le Lion de Belfort, il y fait froid. Les Catacombes de Paris
7%
Numéro de la rue de Rivoli dont le bâtiment est un repère d'artistes en perpétuel changement. 59
0%
C'est grâce à ce conteur que le jardin des Tuileries ne fut fermé à la populace dès son ouverture. Charles Perrault
0%
Plus ancienne maison de Paris, le propriétaire y avait fait inscrit l'offre d'un logement aux plus démunis, encore visible aujourd'hui. Nicolas Flamel
0%
Au numéro 145 de cette rue, derrière une façade haussmanniene, se cache une bouche d'aération du RER. Rue La Fayette
0%
Avec vue sur la cathédrale Notre-Dame de Paris, ce square abrite l'arbre le plus vieux de la capitale, un robinier planté en 1601. Square René-Viviani
0%
Aucun quiz correspondant
Distribution des résultats
% des personnes avec chaque résultat
Percentile par nombre de réponses
Votre historique - résultats
Vous n’avez pas pris ce quiz